01426cam a2200337 a 4500001001400000003000800014005001700022006001900039007001500058008004100073020003800114040003000152050002200182082001400204100002100218245014600239260002800385300003800413490003000451504005100481520023400532521001700766588004700783650001700830655002900847700003000876710001600906776003500922830003100957856010000988EDZ0000064250StDuBDS20161031105149.0m||||||||d||||||||cr |||||||||||120327s2002 enk fo| 001|0|eng d a9781446217474 (ebook) :cNo price aStDuBDSbengcStDuBDSepn 0aJC311b.D394 200204a306.22231 aDelanty, Gerard.10aNationalism and social theoryh[electronic resource] :bmodernity and the recalcitrance of the nation /cGerard Delanty and Patrick O'Mahony. aLondon :bSAGE,cc2002. a1 online resource (xvii, 207 p.).1 aNew horizons in sociology aIncludes bibliographical references and index.8 aA perennial subject for sociologists, nationalism, the focus of this study, is persistent, not merely because of its specific ideological appeal, but because it expresses some of the major conflicts in Western social development. aSpecialized. aDescription based on print version record. 0aNationalism. 7aElectronic books.2local1 aO'Mahony, Patrick,d1957-2 aSage eBooks08iPrint version :z9780761954514 0aNew horizons in sociology.40uhttp://ezproxy.alfaisal.edu/login?url=http://sk.sagepub.com/books/nationalism-and-social-theory